Score 0/108 Timer 15:00
0 Plays Today
Award Restaurant % Correct
DeliElla's Deli
80%
Best RestaurantPaisan's
60%
Upscale DiningL'Etoile
60%
Lake ViewPaisan's
60%
Outdoor DiningPaisan's
60%
CaribbeanJolly Bob's
60%
Fish FryThe Avenue Bar
60%
Japanese/SushiRestaurant Muramoto
60%
Japanese/SushiTakara Japanese Restaurant
60%
PizzaGlass Nickel Pizza Co.
60%
Best RestaurantThe Old Fashioned
40%
Upscale DiningHarvest
40%
Upscale DiningThe Admiralty Dining Room (at the Edgewater)
40%
Lake ViewSardine
40%
Best AmbianceWeary Traveler Freehouse
40%
Best AmbianceHarvest
40%
BrunchSardine
40%
LunchThe Old Fashioned
40%
Neighborhood BarWeary Traveler Freehouse
40%
BurgerNitty Gritty
40%
BurgerThe Old Fashioned
40%
Fish FryThe Old Fashioned
40%
Greasy SpoonMonty's Blue Plate
40%
Indian or NepaleseHimal Chuli
40%
Kid-FriendlyElla's Deli
40%
MediterraneanMediterranean Café
40%
Mexican/SouthwesternLaredo's
40%
Mexican/SouthwesternEldorado Grill
40%
New Orleans/CajunNew Orleans Take-Out
40%
PizzaIan's Pizza By the Slice
40%
PizzaRoman Candle Pizzeria
40%
SeafoodThe Blue Marlin
40%
BakeryGreenbush Bakery
40%
New RestaurantThe Coopers Tavern
20%
Best AmbiancePorta Bella
20%
BreakfastPancake Café
20%
Award Restaurant % Correct
BreakfastMarigold Kitchen
20%
BrunchGreat Dane
20%
BrunchNau-Ti-Gal
20%
LunchMarigold Kitchen
20%
Neighborhood BarHarmony Bar and Grill
20%
Outdoor DiningGreat Dane
20%
BBQSmoky Jon's #1 BBQ
20%
CaribbeanJamerica Caribbean Restaurant
20%
CaribbeanDavid's Jamaican Cuisine
20%
ChineseImperial Garden - West
20%
ChineseHong Kong Café
20%
Fish FryQuivey's Grove
20%
Indian or NepaleseMaharaja
20%
ItalianTutto Pasta State Street
20%
ItalianVin Santo Cucina Italiana
20%
Japanese/SushiGinza of Tokyo
20%
Kid-FriendlyCulver's
20%
Kid-FriendlyRocky's Party Pizzeria
20%
New Orleans/CajunLouisianne's Etc.
20%
SeafoodOcean Grill
20%
SteakhouseTornado Steak House
20%
SteakhouseJohnny Delmonico's
20%
Supper ClubTornado Steak House
20%
Thai/IndonesianSa-Bai Thong
20%
Thai/IndonesianLao Laan-Xaang
20%
Thai/IndonesianBahn Thai
20%
BrewpubGreat Dane
20%
BrewpubCapital Brewery
20%
ChocolateGail Ambrosius
20%
ChocolateCandinas Chocolatier
20%
CoffeeBarriques
20%
Ice Cream/CustardCulver's
20%
Ice Cream/CustardMichael's Frozen Custard
20%
Best RestaurantEno Vino
0%
New RestaurantDahmen's Pizza Place
0%
New RestaurantVintage Brewing Company
0%
Award Restaurant % Correct
Lake ViewCaptain Bill's
0%
BreakfastMickies Dairy Bar
0%
LunchBabes Restaurant & Cocktails
0%
Neighborhood BarJade Monkey
0%
Outdoor DiningCaptain Bill's
0%
BBQFat Jacks Barbecue
0%
BBQBrickhouse BBQ
0%
BurgerDotty Dumpling’s Dowry
0%
ChineseChang Jiang
0%
Greasy SpoonMickies Dairy Bar
0%
Greasy SpoonThe Curve
0%
Indian or NepaleseMaharani Indian Restaurant
0%
ItalianLombardino's
0%
MediterraneanBunky's Café
0%
MediterraneanLulu's Deli and Restaurant (closed)
0%
Mexican/SouthwesternPedro's
0%
New Orleans/CajunLiliana's
0%
SeafoodCaptain Bill's
0%
Sports BarState Street Brats
0%
Sports BarBabes Restaurant & Cocktails
0%
Sports BarPooley's
0%
SteakhouseSmoky's Club
0%
Supper ClubSmoky's Club
0%
Supper ClubKavanaugh's Esquire Club
0%
BakeryScott's Pastry Shoppe
0%
BakeryLane's Bakery & Gift Shop
0%
ButcherJacobson Brothers Quality Meats and Deli
0%
ButcherKen's Meats and Deli
0%
ButcherKnoche's Butcher Shop
0%
BrewpubAle Asylum
0%
ChocolateDB Infusion Chocolates
0%
CoffeeAncora Coffee Roasters
0%
CoffeeMichelangelo's Coffee House
0%
DeliFraboni's
0%
DeliGino's Italian Deli
0%
Ice Cream/CustardBabcock Hall Dairy Store
0%
Remove Ads.
Support Sporcle.
Get the best of Sporcle when you Go Orange. This ad-free experience offers more features, more stats, and more fun while also helping to support Sporcle. Thank you for becoming a member.

You're not logged in!

Compare scores with friends on all Sporcle quizzes.
OR
Log In

Sporcle TV

Today on Sporcle TV


Watch our educational content, quiz creation guides, and fun videos on Sporcle TV.

Show Comments

Extras

Top Quizzes Today


Score Distribution

Paid Content

Your Account Isn't Verified!

In order to create a playlist on Sporcle, you need to verify the email address you used during registration. Go to your Sporcle Settings to finish the process.

Report this User

Report this user for behavior that violates our Community Guidelines.

Details: